00393nam a2200181Ia 4500003000900000008004100009040001300050040001300063041000900076100001400085245004700099250000900146260001500155260000900170300001000179490000700189700001500196IT-RoPAU120407s9999 xx 000 0 und d aIT-RoPAU cIT-RoPAU alat  aF. Hurt  aDe principiis, de virtutibus et praeceptis aRoma aGregoriana c1948 c22 cm v22 aP. Abellan